[Event "MARIENBAD OPEN 2019 - B1 - IM"]
[Site "Polonia hotel, Marianske Lazne"]
[Date "2019.01.24"]
[Round "7"]
[White "Baum, Jonasz"]
[Black "Mica, Marek"]
[Result "1/2-1/2"]
[WhiteElo "2302"]
[BlackElo "2212"]
[EventDate "2019.01.19"]

1. d4  Nf6  2. c4  e6
3. g3  Bb4+  4. Bd2
c5  5. Bxb4  cxb4
6. Nf3  O-O  7. Bg2
d6  8. O-O  Nc6
9. a3  bxa3  10. Nxa3  e5
11. d5  Nb4  12. Nc2
Qb6  13. Qd2  Nxc2
14. Qxc2  Bg4  15. e4
Bxf3  16. Bxf3  a5
17. b3  Nd7  18. Ra3
Nc5  19. Rfa1  Qb4
20. R1a2  b6  21. Qd2
Qxd2  22. Rxd2  g6
23. Rb2  Nd3  24. Rb1
Kg7  25. Ra2  Rac8
26. Rd2  Nb4  27. Bg2
Rc7  28. f4  f6
29. Kf2  Na6  30. Ke3  Re7
31. Rf1  exf4+  32. gxf4
Nc5  33. Rb1  Nxe4
34. Bxe4  Rfe8  35. Rd4
f5  36. b4  Rxe4+
37. Rxe4  Rxe4+  38. Kd3
a4  39. Ra1  Rxf4
40. Rxa4  Kf6  41. Ra7
b5  42. cxb5  Rxb4
43. Rb7  Ke5  44. Kc3
Rb1  45. Kc2  Ra1
46. Rxh7  Ra5  47. b6
Rb5  48. b7  Kxd5
49. Rg7  Ke5  50. Kd3
g5  51. Rxg5  Rxb7
52. Rh5  d5  53. Rh8
Rb3+  54. Ke2  Ke4
55. Re8+  Kd4  56. Rf8
Ke4  57. Re8+  Kf4
58. Rd8  Rb2+  59. Ke1
Ke4  60. Re8+  Kf3
61. Re5  f4  62. Rxd5
Rb1+  63. Kd2  Kg2
64. Rg5+  Kf2  65. h4
Rh1  66. h5  f3
67. Kd3  Kf1  68. Ke3  f2
69. Rf5  Rh3+  70. Kd2
Rh2  71. Rg5  Rg2
72. Rf5  Kg1  73. Ke3
Rh2  74. Rg5+  Kf1
75. Kd2  Rh3  76. Rf5
Ra3  77. h6  Rh3
78. Rf6  Kg1  79. Rg6+
Kf1  80. Rf6  Rh2
81. Rg6  Rh5  82. Rf6
Rh1  83. Rg6  Rh3
84. Rf6  Rh2  85. Rg6
Rh1  86. Kd1  Rh5
87. Kd2  Rd5+  88. Kc2
Rh5  89. Kd2  Rh3
90. Rf6  Rh2  91. Rg6
Rh5  92. Rf6  Kg1
93. Rg6+  Kf1  94. Rf6
Rh4  95. Ke3  Rh3+
96. Kd2  Rh5  1/2-1/2

[Event "MARIENBAD OPEN 2019 - B1 - IM"]
[Site "Polonia hotel, Marianske Lazne"]
[Date "2019.01.24"]
[Round "7"]
[White "Nagy, Gabor"]
[Black "Voinikonis, Nikita"]
[Result "1-0"]
[WhiteElo "2479"]
[BlackElo "2163"]
[EventDate "2019.01.19"]

1. c4  Nf6  2. Nc3  e5
3. g3  d5  4. cxd5
Nxd5  5. Bg2  Nb6
6. e3  Nc6  7. Nge2
Bd6  8. O-O  O-O
9. b3  f5  10. f4
e4  11. g4  g6
12. gxf5  gxf5  13. Kh1  Nb4
14. Ng3  Nd3  15. Qc2
Qe7  16. Nd1  Nd5
17. Nb2  N5b4  18. Qd1
Be6  19. a3  Nxb2
20. Bxb2  Nd3  21. Bc3
Qh4  22. Qe2  Kf7
23. Nxe4  fxe4  24. Bxe4
Nc5  25. Bf3  c6
26. d4  Nd7  27. e4
Bxf4  28. d5  Bh3
29. e5  Bxf1  30. Rxf1
Ke8  31. dxc6  bxc6
32. e6  Nb6  33. Bb4
c5  34. Bxc5  Rf5
35. Qb5+  1-0

[Event "MARIENBAD OPEN 2019 - B1 - IM"]
[Site "Polonia hotel, Marianske Lazne"]
[Date "2019.01.24"]
[Round "7"]
[White "Gorbatov, Alexej"]
[Black "Jasny, Stanislav"]
[Result "1/2-1/2"]
[WhiteElo "2389"]
[BlackElo "2365"]
[EventDate "2019.01.19"]

1. e4  c5  2. Nf3  Nc6
3. d4  cxd4  4. Nxd4
Nf6  5. Nc3  d6
6. g3  e6  7. Bg2  Bd7
8. Nde2  a6  9. O-O
Be7  10. b3  Rc8
11. Bb2  b5  12. a3
Qb6  13. h3  Ne5
14. Qd2  h5  15. Qd4
Qxd4  16. Nxd4  Nc6
17. Nde2  Bd8  18. Rfd1
Ke7  19. Rd2  Bc7
20. f4  Bb6+  21. Kf1
Rhd8  22. Rad1  Be8
23. Bf3  Ba7  24. b4
Bb8  25. a4  Nd7
26. axb5  axb5  27. Nxb5
Nb6  28. Na3  Nxb4
29. Bxg7  f6  30. f5
Nc6  31. Nf4  Ne5
32. Bxh5  Nbc4  33. Nxc4
Nxc4  34. Bxe8  Nxd2+
35. Rxd2  Rxe8  36. Nxe6
Rc3  37. Kg2  Kf7
38. Bh6  Rec8  39. Bf4
Rxc2  40. Rxc2  Rxc2+
41. Kf3  Rc3+  42. Ke2
Rc2+  43. Kd3  Rh2
44. h4  Ba7  45. Bxd6
Bf2  46. g4  Rh3+
47. Ke2  Bxh4  48. Bf4
Ra3  49. g5  Bxg5
50. Nxg5+  fxg5  51. Bxg5
Ra2+  52. Kf3  Ra3+
53. Be3  Kf6  54. Kf4
Ra4  55. Bd2  Rc4
56. Ba5  Kf7  57. Bb6
Rb4  58. Bc5  Rc4
59. Bf2  Ra4  60. Be1
Ra1  61. Bd2  Ra2
62. Bc3  Ra3  63. Bd4
Ra4  64. Ke3  Ra3+
65. Kd2  Rf3  66. Ke2
Rf4  67. Ke3  Rf1
68. Bc3  Ke7  69. Be5
Kf7  70. Bg3  Kf6
71. Bh4+  Ke5  72. Bf2
Kf6  73. Ke2  Rb1
74. Bd4+  Kg5  75. f6
Kg6  1/2-1/2

[Event "MARIENBAD OPEN 2019 - B2 - IM"]
[Site "Polonia hotel, Marianske Lazne"]
[Date "2019.01.24"]
[Round "7"]
[White "Cerveny, Petr"]
[Black "Stigar, Petter"]
[Result "1-0"]
[WhiteElo "2318"]
[BlackElo "2177"]
[EventDate "2019.01.19"]

1. e4  e6  2. d4  d5
3. Nc3  dxe4  4. Nxe4
Nd7  5. Nf3  Ngf6
6. Nxf6+  Nxf6  7. Bd3
c5  8. Be3  Qc7
9. Qe2  Be7  10. O-O-O  O-O
11. h4  b6  12. Kb1
Bb7  13. dxc5  bxc5
14. Bg5  Rab8  15. Ka1
Rfd8  16. Ne5  Bxg2
17. Rhg1  Qb7  18. Rb1
Rxd3  19. cxd3  Bd5
20. Nc4  Qd7  21. h5
Rd8  22. Rg3  Ne8
23. Rbg1  Bxg5  24. Rxg5
h6  25. R5g3  f6
26. a3  Qe7  27. Ne3
Rd7  28. Rg6  Kf7
29. Qg4  Qf8  30. Qg3
Bc6  31. Nc4  Rd5
32. Qg2  Bd7  33. Qf3
Ke7  34. Ne3  Re5
35. Qb7  Rxh5  36. Qxa7
Qf7  37. f4  Kf8
38. Qb8  Ke7  39. Qa7
Kf8  40. Qa8  Ke7
41. Qf3  Rh2  42. R6g2
Rh5  43. Rc1  Kf8
44. Ng4  Rd5  45. Qe3
Qe7  46. Rgc2  Qd6
47. Nf2  Rd4  48. Ne4
Rxd3  49. Qxc5  Qe7
50. Qxe7+  Kxe7  51. Nc5
Rd5  52. Nxd7  Kxd7
53. b4  g5  54. fxg5
hxg5  55. Kb2  g4
56. a4  Nd6  57. Rc7+
Kd8  58. Rg7  f5
59. Rh1  Ne8  60. Rh8
Rd7  61. Rgg8  Re7
62. a5  Kd7  63. Rxe8
Rxe8  64. Rxe8  Kxe8
65. a6  1-0

[Event "MARIENBAD OPEN 2019 - C - FIDE open"]
[Site "Polonia hotel, Marianske Lazne"]
[Date "2019.01.24"]
[Round "7"]
[White "Shagbazyan, Taron"]
[Black "Svanda, Ondrej"]
[Result "1-0"]
[WhiteElo "2415"]
[BlackElo "2215"]
[PlyCount "63"]
[EventDate "2019.01.19"]

1. d4 Nf6 2. c4 e6 3. Nc3 Bb4 4. e3 b6 5. Nge2 Ba6 6. a3 Bxc3+ 7. Nxc3 d5 8. b3
O-O 9. Be2 dxc4 10. bxc4 Nc6 11. Bf3 Qd7 12. Qa4 Bb7 13. O-O Na5 14. Qxd7 Nxd7
15. Be2 c6 16. Ne4 Ba6 17. Nd2 c5 18. Bb2 Rac8 19. Bc3 cxd4 20. Bxa5 bxa5 21.
exd4 Nb6 22. Rfc1 Rfd8 23. Bf1 Kf8 24. c5 Bxf1 25. cxb6 Ba6 26. bxa7 Ra8 27.
Rc7 Rxd4 28. Ra2 Ke8 29. Rb2 Rd7 30. Rb8+ Rd8 31. Rxa8 Rxa8 32. Ne4 1-0

[Event "MARIENBAD OPEN 2019 - C - FIDE open"]
[Site "Polonia hotel, Marianske Lazne"]
[Date "2019.01.24"]
[Round "7"]
[White "Simet, Martin"]
[Black "Chkhaidze, Nikoloz"]
[Result "1/2-1/2"]
[WhiteElo "2223"]
[BlackElo "2290"]
[PlyCount "193"]
[EventDate "2019.01.19"]

1. e4 g6 2. d4 Bg7 3. f4 c5 4. d5 d6 5. Bb5+ Nd7 6. a4 a6 7. Bd3 Ngf6 8. Nd2
Qa5 9. c3 b5 10. Qe2 c4 11. Bc2 O-O 12. Ngf3 Nc5 13. Ra3 e6 14. axb5 Qc7 15. b6
Qxb6 16. Nxc4 Qc7 17. e5 Ne8 18. b4 Nb7 19. Be3 Nd8 20. exd6 Nxd6 21. Nxd6 Qxd6
22. Bc5 Qxf4 23. Bxf8 Bxf8 24. O-O exd5 25. Ne5 Qh4 26. Bb3 Be6 27. Rxa6 Rc8
28. Qd3 Bg7 29. Nf3 Qf4 30. Bxd5 Bf5 31. Qe3 Bxc3 32. Qe8+ Kg7 33. b5 Bd3 34.
Rd1 Bd4+ 35. Kh1 Rc2 36. Rf1 Bxb5 37. Qxb5 Bg1 38. Nxg1 Qd4 39. Ra4 Qf2 40. Rc4
Rd2 41. Bf3 h5 42. Qe5+ Kh7 43. h3 Ne6 44. Rc8 Nd8 45. Qe7 Qd4 46. Qf8 Qf6 47.
Rc7 Qd4 48. Re7 Qd6 49. Re8 Qxf8 50. Rxf8 Kg7 51. Re8 Ne6 52. h4 Nd4 53. Ne2
Nf5 54. g3 Rd3 55. Kg2 Ne3+ 56. Kf2 Nd1+ 57. Ke1 Ne3 58. Be4 Ra3 59. Nf4 Ng4
60. Bd3 Ra1+ 61. Kd2 Rxf1 62. Ne2 Ra1 63. Bc4 Ra3 64. Nc3 Ra7 65. Ne4 Nh6 66.
Rb8 Rc7 67. Ba2 Re7 68. Ng5 Ra7 69. Bb3 Nf5 70. Bxf7 Nxg3 71. Rg8+ Kf6 72.
Rxg6+ Kf5 73. Rg7 Kf6 74. Rh7 Nf5 75. Rxh5 Ra4 76. Nf3 Nxh4 77. Nxh4 Kxf7 78.
Rh6 Kg7 79. Nf5+ Kf7 80. Ke3 Ra1 81. Ke4 Re1+ 82. Ne3 Ke7 83. Kd4 Kd7 84. Nf5
Rd1+ 85. Ke5 Re1+ 86. Kd5 Rd1+ 87. Nd4 Ke7 88. Kc5 Rc1+ 89. Kb6 Rb1+ 90. Kc7
Rd1 91. Nc6+ Kf7 92. Ne5+ Ke7 93. Rc6 Rd2 94. Ng6+ Kf7 95. Nf4 Rd1 96. Rh6 Ke7
97. Kc6 1/2-1/2

[Event "MARIENBAD OPEN 2019 - C - FIDE open"]
[Site "Polonia hotel, Marianske Lazne"]
[Date "2019.01.24"]
[Round "7"]
[White "Perman, Sergey"]
[Black "Kushko, Dmitriy"]
[Result "0-1"]
[WhiteElo "2108"]
[BlackElo "2270"]
[PlyCount "70"]
[EventDate "2019.01.19"]

1. e4 d6 2. d4 Nf6 3. Nc3 g6 4. f4 Bg7 5. Nf3 O-O 6. Bd3 Na6 7. O-O c5 8. d5
Rb8 9. Qe1 Nb4 10. a3 Nxd3 11. cxd3 e6 12. dxe6 Bxe6 13. f5 gxf5 14. Qh4 Nd7
15. Bg5 f6 16. Bh6 Bxh6 17. Qxh6 Qe7 18. Nh4 fxe4 19. dxe4 Rf7 20. Rf3 Qf8 21.
Rg3+ Rg7 22. Qf4 Ne5 23. Rd1 Rd8 24. Nf5 Bxf5 25. Rxg7+ Qxg7 26. Qxf5 Qg6 27.
Qxg6+ hxg6 28. Nb5 Nf7 29. Nxa7 Ng5 30. Kf2 Nxe4+ 31. Ke3 f5 32. g4 Kf7 33. Nb5
Ke6 34. h4 Ke5 35. h5 fxg4 0-1

[Event "MARIENBAD OPEN 2019 - C - FIDE open"]
[Site "Polonia hotel, Marianske Lazne"]
[Date "2019.01.24"]
[Round "7"]
[White "Meers, Hubert"]
[Black "Stalmach, Richard"]
[Result "0-1"]
[WhiteElo "2009"]
[BlackElo "2164"]
[PlyCount "200"]
[EventDate "2019.01.19"]

1. e4 c5 2. Nf3 e6 3. d4 cxd4 4. Nxd4 Nf6 5. Nc3 Nc6 6. Ndb5 Bc5 7. Bf4 O-O 8.
Bc7 Qe7 9. Bd6 Bxd6 10. Qxd6 Qd8 11. Be2 a6 12. Nc7 Ra7 13. e5 Ne8 14. Nxe8
Rxe8 15. Bf3 f6 16. Bxc6 bxc6 17. O-O fxe5 18. Rfe1 Qb6 19. Qxe5 d5 20. b3 Rf7
21. Re2 Ref8 22. Na4 Qa7 23. Qe3 d4 24. Qg3 c5 25. Nb2 Rf6 26. Nd3 Rg6 27. Qd6
Qa8 28. f4 e5 29. Qxc5 Bh3 30. Ne1 exf4 31. Rf2 Qe4 32. Qc4+ Kh8 33. Qd3 Qe3
34. Rd1 Re8 35. Kf1 Bg4 36. Nf3 Rge6 37. Qxe3 dxe3 38. Re2 Kg8 39. Rd4 Re4 40.
Rxe4 Rxe4 41. c4 Kf8 42. Rc2 Bxf3 43. gxf3 Rd4 44. Ke2 Ke7 45. b4 Kd6 46. a4 a5
47. b5 Kc5 48. Rb2 Rd6 49. Rc2 Rh6 50. Kd3 Rd6+ 51. Ke2 Rd4 52. Rb2 Kb6 53. Rc2
Kc7 54. Ke1 g5 55. Ke2 h5 56. h3 Kc8 57. b6 Kb7 58. c5 Kc6 59. Rc3 Rxa4 60. Rd3
Ra2+ 61. Ke1 Rd2 62. Rb3 Rd7 63. Ra3 Kxc5 64. Rxa5+ Kxb6 65. Rxg5 h4 66. Rg4
Rd4 67. Rxh4 Kc5 68. Rh5+ Rd5 69. Rh4 Rd4 70. Rh5+ Kc4 71. Ra5 Kb4 72. Ra8 Kc3
73. Ra3+ Kb2 74. Ra8 Kc2 75. Ra2+ Kb3 76. Ra8 Rc4 77. h4 Rc1+ 78. Ke2 Rc2+ 79.
Ke1 Rf2 80. Rb8+ Kc4 81. Rc8+ Kd5 82. Rd8+ Ke6 83. Re8+ Kf7 84. Re4 Rxf3 85. h5
Kf6 86. h6 Kf5 87. h7 Rh3 88. Re7 Kg4 89. Ke2 Rh2+ 90. Kd3 Kf3 91. Rf7 Rd2+ 92.
Kc4 Rd8 93. Rg7 e2 94. Rg8 e1=Q 95. h8=Q Qe6+ 96. Kc3 Rxg8 97. Qh1+ Kg4 98.
Qg2+ Kf5 99. Qh3+ Ke5 100. Qh5+ Kd6 0-1

[Event "MARIENBAD OPEN 2019 - C - FIDE open"]
[Site "Polonia hotel, Marianske Lazne"]
[Date "2019.01.24"]
[Round "7"]
[White "Frank, Adam"]
[Black "Lukasiewicz, Anna"]
[Result "1-0"]
[WhiteElo "2108"]
[BlackElo "2065"]
[PlyCount "137"]
[EventDate "2019.01.19"]

1. e4 e5 2. Nf3 Nc6 3. Bb5 a6 4. Ba4 Nf6 5. O-O b5 6. Bb3 Be7 7. Re1 d6 8. c3
O-O 9. h3 Nb8 10. d4 Nbd7 11. Nbd2 Bb7 12. Bc2 Re8 13. Nf1 Bf8 14. Ng3 g6 15.
a4 c5 16. d5 Qc7 17. Bg5 h6 18. Be3 Nb6 19. b3 bxa4 20. bxa4 a5 21. Nd2 Ba6 22.
f4 exf4 23. Bxf4 Nbd7 24. Nf3 Rad8 25. Qd2 Kh7 26. Rad1 Ng8 27. h4 Bg7 28. h5
Ne5 29. hxg6+ fxg6 30. Nxe5 Bxe5 31. Ne2 Bxe2 32. Rxe2 Qg7 33. Bxe5 Qxe5 34. c4
Nf6 35. Re3 Rd7 36. Rf1 Kg7 37. Rh3 h5 38. Qxa5 Qd4+ 39. Kh1 Qxc4 40. Bd3 Qd4
41. Bb5 Ree7 42. Bxd7 Rxd7 43. Qc3 Nxe4 44. Qxd4+ cxd4 45. Ra3 Ra7 46. Rf4 Nc3
47. a5 Ra6 48. Ra1 Nxd5 49. Rxd4 Ne7 50. Rb4 Nc6 51. Rb5 Kh6 52. Kg1 h4 53. Kf2
g5 54. Ra4 Kg6 55. Ke3 Kf6 56. Kd3 g4 57. Rb6 Rxa5 58. Rxa5 Nxa5 59. Rxd6+ Kg5
60. Rd5+ Kf4 61. Rxa5 Kg3 62. Rg5 Kxg2 63. Rxg4+ Kh3 64. Rg8 Kh2 65. Ke2 h3 66.
Kf2 Kh1 67. Rg1+ Kh2 68. Rg3 Kh1 69. Rxh3# 1-0

[Event "MARIENBAD OPEN 2019 - C - FIDE open"]
[Site "Polonia hotel, Marianske Lazne"]
[Date "2019.01.24"]
[Round "7"]
[White "Laurincova, Kristyna"]
[Black "Kolbus, Dietmar"]
[Result "1/2-1/2"]
[WhiteElo "2044"]
[BlackElo "2294"]
[PlyCount "53"]
[EventDate "2019.01.19"]

1. e4 c6 2. Nc3 d5 3. Nf3 Nf6 4. exd5 cxd5 5. d4 Bg4 6. h3 Bxf3 7. Qxf3 e6 8.
Qg3 Nc6 9. Be3 h6 10. a3 Bd6 11. Qf3 a6 12. Bd3 Rc8 13. O-O Na5 14. Ne2 Nc4 15.
Bxc4 Rxc4 16. c3 Rc8 17. Bf4 O-O 18. Rfe1 Ne4 19. Qg4 Bxf4 20. Nxf4 Qg5 21.
Qxg5 Nxg5 22. f3 Nh7 23. Nd3 Nf6 24. a4 a5 25. Ra3 Nd7 26. Rb3 b6 27. Ne5
1/2-1/2

[Event "MARIENBAD OPEN 2019 - C - FIDE open"]
[Site "Polonia hotel, Marianske Lazne"]
[Date "2019.01.24"]
[Round "7"]
[White "Qiu, Mengjie"]
[Black "Luberanski, Jakub"]
[Result "1-0"]
[WhiteElo "2247"]
[BlackElo "1959"]
[PlyCount "71"]
[EventDate "2019.01.19"]

1. e4 e5 2. Nf3 Nc6 3. Bb5 a6 4. Ba4 Nf6 5. O-O Be7 6. d3 b5 7. Bb3 d6 8. a3
O-O 9. Nc3 Na5 10. Ba2 c5 11. Bg5 Be6 12. b4 cxb4 13. axb4 Nc6 14. Bxf6 Bxf6
15. Nd5 Rc8 16. c3 Bxd5 17. Bxd5 Ne7 18. Qb3 Nxd5 19. Qxd5 Qb6 20. Ra3 Rc6 21.
g3 Rfc8 22. Rfa1 Qa7 23. Kg2 g6 24. h4 Kg7 25. Qa2 Qd7 26. Qd5 Qa7 27. c4 bxc4
28. dxc4 Rxc4 29. Rxa6 Qb8 30. Rxd6 Rxb4 31. Rd7 Rf8 32. Raa7 Qe8 33. Nxe5 Bxe5
34. Re7 Bd4 35. Rxe8 Bxa7 36. Rxf8 1-0

[Event "MARIENBAD OPEN 2019 - C - FIDE open"]
[Site "Polonia hotel, Marianske Lazne"]
[Date "2019.01.24"]
[Round "7"]
[White "Pacl, Vaclav"]
[Black "Shilov, Sergej"]
[Result "1/2-1/2"]
[WhiteElo "2013"]
[BlackElo "2243"]
[PlyCount "103"]
[EventDate "2019.01.19"]

1. d4 d6 2. Nf3 Nf6 3. c4 g6 4. Nc3 Bg7 5. Bg5 h6 6. Bh4 g5 7. Bg3 Nh5 8. e3
Nxg3 9. hxg3 O-O 10. Qc2 e5 11. dxe5 dxe5 12. Rd1 Nd7 13. Bd3 g4 14. Nh4 Qg5
15. Bh7+ Kh8 16. Ne4 Qe7 17. Bf5 Nf6 18. Bxc8 Raxc8 19. Nxf6 Qxf6 20. e4 Rfd8
21. Nf5 Bf8 22. O-O Bc5 23. Rd5 Bd4 24. Qe2 c6 25. Rxd8+ Rxd8 26. b3 Qg5 27.
Rd1 Kh7 28. Kh2 h5 29. Kg1 Kg8 30. Kf1 Kf8 31. Qc2 c5 32. Qe2 Rc8 33. Qc2 a5
34. Rd3 Rc6 35. a4 Rb6 36. Ke2 Rf6 37. Ke1 h4 38. gxh4 Qf4 39. Re3 Rxf5 40.
exf5 Bxe3 41. fxe3 Qxe3+ 42. Kf1 g3 43. Qe2 Qf4+ 44. Qf3 Qxh4 45. Qxb7 Qf4+ 46.
Qf3 Ke7 47. Ke2 Qd4 48. Qxg3 Qe4+ 49. Qe3 Qxg2+ 50. Kd3 Qf1+ 51. Ke4 Qf4+ 52.
Qxf4 1/2-1/2

[Event "MARIENBAD OPEN 2019 - C - FIDE open"]
[Site "Polonia hotel, Marianske Lazne"]
[Date "2019.01.24"]
[Round "7"]
[White "Skoloud, Barnabas"]
[Black "Varitski, Igor"]
[Result "0-1"]
[WhiteElo "1756"]
[BlackElo "2209"]
[PlyCount "70"]
[EventDate "2019.01.19"]

1. e4 c6 2. Bc4 d5 3. Bb3 dxe4 4. Qh5 g6 5. Qh4 Nf6 6. Nc3 Nbd7 7. Nxe4 Nxe4 8.
Qxe4 Nc5 9. Qe5 Nxb3 10. axb3 Qd5 11. Nf3 Qxe5+ 12. Nxe5 Bf5 13. d3 Bg7 14. f4
O-O 15. Be3 a6 16. Bb6 g5 17. Ra5 Be6 18. O-O gxf4 19. Rxf4 f6 20. Nf3 Rae8 21.
Rh4 Bf7 22. Bc5 Bg6 23. Rb4 Rb8 24. Ba7 Ra8 25. Rxb7 e5 26. Rxa6 f5 27. Rxc6 e4
28. Nd4 Rxa7 29. Rxg7+ Rxg7 30. Ne6 Re8 31. Nxg7 Kxg7 32. d4 e3 33. Kf1 f4 34.
c4 Bd3+ 35. Ke1 Ra8 0-1

[Event "MARIENBAD OPEN 2019 - C - FIDE open"]
[Site "Polonia hotel, Marianske Lazne"]
[Date "2019.01.24"]
[Round "7"]
[White "Michalczak, Thomas"]
[Black "Dylag, Emilia"]
[Result "1-0"]
[WhiteElo "2139"]
[BlackElo "2002"]
[PlyCount "93"]
[EventDate "2019.01.19"]

1. e4 c5 2. Nf3 d6 3. d4 cxd4 4. Nxd4 Nf6 5. Nc3 a6 6. f3 e5 7. Nb3 Be6 8. Be3
Be7 9. Qd2 O-O 10. O-O-O a5 11. a4 Nc6 12. g4 Nb4 13. g5 Nd7 14. f4 exf4 15.
Bxf4 Ne5 16. Nd4 Rc8 17. Kb1 Rc5 18. h4 Qc8 19. Ndb5 Rd8 20. Be3 d5 21. Bxc5
Bxc5 22. Qf4 d4 23. Qxe5 dxc3 24. Rxd8+ Qxd8 25. Bc4 Bxc4 26. Qxc5 Ba2+ 27. Ka1
Bb3 28. bxc3 Nxc2+ 29. Kb2 Bxa4 30. Rd1 Qf8 31. Qxf8+ Kxf8 32. Rd8+ Ke7 33. Rb8
Ne3 34. Rxb7+ Ke6 35. Nd4+ Ke5 36. Re7+ Kf4 37. Rxf7+ Kxe4 38. Rxg7 Nc4+ 39.
Ka1 Kd3 40. Rxh7 Kxc3 41. g6 Be8 42. Ne2+ Kd2 43. Nf4 Ne3 44. Re7 Nc2+ 45. Kb2
Bb5 46. g7 a4 47. g8=Q 1-0

[Event "MARIENBAD OPEN 2019 - C - FIDE open"]
[Site "Polonia hotel, Marianske Lazne"]
[Date "2019.01.24"]
[Round "7"]
[White "Deckert, Frank"]
[Black "Lys, Josef"]
[Result "0-1"]
[WhiteElo "1977"]
[BlackElo "2134"]
[PlyCount "70"]
[EventDate "2019.01.19"]

1. d4 Nf6 2. Nf3 d5 3. e3 Bg4 4. Nbd2 e6 5. Be2 Nbd7 6. O-O Bd6 7. c4 c6 8. Qc2
Qb8 9. Re1 O-O 10. h3 Bf5 11. Bd3 Bxd3 12. Qxd3 b5 13. cxd5 cxd5 14. e4 dxe4
15. Nxe4 Nxe4 16. Rxe4 Nf6 17. Re1 Rd8 18. Qb3 Be7 19. Bg5 Qb6 20. Rac1 h6 21.
Bh4 Rac8 22. Bg3 Nd5 23. a3 a5 24. a4 Rxc1 25. Rxc1 bxa4 26. Qxa4 Qxb2 27. Ra1
Ra8 28. Re1 Qb7 29. Ne5 Qb4 30. Qd1 Bf6 31. Qa1 a4 32. Rb1 Qc3 33. Nf3 a3 34.
Be5 a2 35. Rc1 Qxc1+ 0-1

[Event "MARIENBAD OPEN 2019 - C - FIDE open"]
[Site "Polonia hotel, Marianske Lazne"]
[Date "2019.01.24"]
[Round "7"]
[White "Gnojek, Petr"]
[Black "Vishwa, Vasnawala"]
[Result "1-0"]
[WhiteElo "2086"]
[BlackElo "1882"]
[PlyCount "103"]
[EventDate "2019.01.19"]

1. d4 d5 2. c4 dxc4 3. e4 b5 4. a4 c6 5. axb5 cxb5 6. Nc3 a6 7. Nxb5 axb5 8.
Rxa8 Bb7 9. Ra1 e6 10. Nf3 Nf6 11. Be2 Bb4+ 12. Bd2 Bxd2+ 13. Qxd2 Nxe4 14. Qc2
O-O 15. O-O Qb6 16. b3 c3 17. Bd3 f5 18. b4 Qc6 19. Ne5 Qd5 20. Bxe4 fxe4 21.
Qxc3 Rc8 22. Qe3 Nc6 23. Nxc6 Rxc6 24. Rac1 Rc4 25. Rxc4 Qxc4 26. Rc1 Qxb4 27.
Qf4 Qf8 28. Qxf8+ Kxf8 29. Rc5 Bd5 30. Rxb5 Ke7 31. Rb4 Kf6 32. Kf1 Kf5 33. Ke2
g5 34. Ke3 h5 35. Rb8 Kg6 36. g3 Kf5 37. h3 Bc6 38. Rf8+ Kg6 39. h4 gxh4 40.
gxh4 Kg7 41. Rf4 Kg6 42. Rxe4 Kf6 43. Re5 Be8 44. Kf4 Bg6 45. d5 exd5 46. Rxd5
Ke6 47. Ra5 Bf7 48. Kg5 Be8 49. f4 Kd6 50. f5 Bf7 51. Ra1 Be8 52. f6 1-0

[Event "MARIENBAD OPEN 2019 - C - FIDE open"]
[Site "Polonia hotel, Marianske Lazne"]
[Date "2019.01.24"]
[Round "7"]
[White "Krivenko, Dion"]
[Black "Tennstedt, Andreas"]
[Result "1/2-1/2"]
[WhiteElo "1749"]
[BlackElo "2126"]
[PlyCount "37"]
[EventDate "2019.01.19"]

1. e4 g6 2. d4 Bg7 3. Nc3 c6 4. Nf3 d5 5. h3 Nf6 6. e5 Ne4 7. Nxe4 dxe4 8. Ng5
c5 9. dxc5 Qc7 10. c3 O-O 11. Qb3 Qxe5 12. Bc4 e6 13. h4 h6 14. Nh3 Qxc5 15.
Be3 Qe7 16. h5 g5 17. O-O-O Nc6 18. Qb5 Rd8 19. Rxd8+ 1/2-1/2

[Event "MARIENBAD OPEN 2019 - C - FIDE open"]
[Site "Polonia hotel, Marianske Lazne"]
[Date "2019.01.24"]
[Round "7"]
[White "Jiruse, Josef"]
[Black "Madej, Marek"]
[Result "0-1"]
[WhiteElo "2023"]
[BlackElo "1741"]
[PlyCount "90"]
[EventDate "2019.01.19"]

1. c4 e5 2. Nc3 Bb4 3. Nd5 Bc5 4. e3 Nf6 5. b4 Be7 6. Rb1 Nxd5 7. cxd5 f5 8.
Bc4 d6 9. f4 O-O 10. fxe5 Bh4+ 11. g3 dxe5 12. d4 f4 13. Qh5 fxg3 14. hxg3
Bxg3+ 15. Kd1 Bf5 16. Rb2 Qd7 17. Ne2 e4 18. Kc2 Bd6 19. Kb1 Qf7 20. Qh4 Qf6
21. Qe1 Kh8 22. Ng3 Nd7 23. Rg2 Qe7 24. Bd2 Bg6 25. Ka1 Rf3 26. Ne2 Qf6 27. Qg1
Rf8 28. Nf4 Bf7 29. Be2 Bxf4 30. exf4 Ra3 31. Bc1 Ra4 32. Bb5 Nb6 33. Bxa4 Nxa4
34. Qe3 Bxd5 35. Rgh2 h6 36. Rh5 Nb6 37. f5 Kg8 38. Qg1 Kf7 39. Bf4 Nc4 40.
R1h2 Ke8 41. Bxc7 Qe7 42. f6 Qxf6 43. Rh1 Qf3 44. Qc1 e3 45. R1h3 Qf1 0-1

[Event "MARIENBAD OPEN 2019 - D - Open Seniors"]
[Site "Polonia hotel, Marianske Lazne"]
[Date "2019.01.24"]
[Round "7"]
[White "Chmelik, Jiri"]
[Black "Polich, Sergei"]
[Result "1/2-1/2"]
[WhiteElo "1977"]
[BlackElo "2112"]
[PlyCount "97"]
[EventDate "2019.01.19"]

1. d4 f5 2. Nf3 Nf6 3. g3 g6 4. Bg2 Bg7 5. O-O d6 6. c4 O-O 7. Nc3 Nc6 8. d5
Na5 9. Qd3 c5 10. Bd2 a6 11. Rab1 Ne4 12. b3 Rb8 13. Rbd1 Nxd2 14. Nxd2 b5 15.
e3 bxc4 16. Nxc4 Nxc4 17. bxc4 Qa5 18. Ne2 Qxa2 19. Nf4 Rb3 20. Rd2 Rb2 21.
Rxb2 Qxb2 22. Rb1 Qc3 23. Qe2 a5 24. Ne6 Bxe6 25. dxe6 Qa3 26. Bd5 Be5 27. Rb7
Bf6 28. g4 fxg4 29. Qxg4 a4 30. h4 Qa1+ 31. Kg2 a3 32. h5 Kh8 33. hxg6 Rg8 34.
Be4 Qe5 35. Ra7 h5 36. Qf3 Kg7 37. Rxa3 Rb8 38. Bd5 Qg5+ 39. Qg3 Qxg6 40. Rd3
Rb2 41. Kf3 Be5 42. Qxg6+ Kxg6 43. Rd1 Bf6 44. Be4+ Kg7 45. Rg1+ Kh8 46. Rg6
Bh4 47. Rg2 Bf6 48. Rg6 Bh4 49. Rg2 1/2-1/2

[Event "MARIENBAD OPEN 2019 - D - Open Seniors"]
[Site "Polonia hotel, Marianske Lazne"]
[Date "2019.01.24"]
[Round "7"]
[White "Kozak, Milos"]
[Black "Baum, Bernd"]
[Result "1/2-1/2"]
[WhiteElo "2203"]
[BlackElo "2204"]
[PlyCount "79"]
[EventDate "2019.01.19"]

1. d4 d5 2. c4 e6 3. Nf3 Nf6 4. g3 dxc4 5. Bg2 Nc6 6. Qa4 Bb4+ 7. Bd2 Nd5 8.
Qb5 Bxd2+ 9. Nbxd2 c3 10. bxc3 Nxc3 11. Qd3 Nd5 12. O-O O-O 13. Rfc1 f5 14.
Rab1 a5 15. Nb3 Qe8 16. Qc4 Ra6 17. Nc5 Rb6 18. Rxb6 cxb6 19. Nd3 Bd7 20. a3
Qe7 21. Qa2 Rc8 22. Nfe5 Qd6 23. e3 Nxe5 24. Rxc8+ Bxc8 25. Nxe5 Bd7 26. Bxd5
exd5 27. Qc2 g6 28. Qc3 Kg7 29. Kg2 Bc6 30. h3 Bd7 31. h4 Kf6 32. Kf3 Be6 33.
Ke2 Ke7 34. Nd3 Qc6 35. Qb2 Bd7 36. Kd2 b5 37. Ne5 Qb6 38. Qb3 Bc6 39. Nd3 Kd6
40. Qc3 1/2-1/2

[Event "MARIENBAD OPEN 2019 - D - Open Seniors"]
[Site "Polonia hotel, Marianske Lazne"]
[Date "2019.01.24"]
[Round "7"]
[White "Ahrends, Norbert"]
[Black "Bartos, Jan"]
[Result "0-1"]
[WhiteElo "1898"]
[BlackElo "2178"]
[PlyCount "82"]
[EventDate "2019.01.19"]

1. d4 Nf6 2. c4 e6 3. Nc3 Bb4 4. Qc2 c5 5. dxc5 Bxc5 6. Nf3 Qb6 7. e3 Qc7 8. a3
b6 9. g3 Bb7 10. Bg2 Be7 11. Nb5 Qc8 12. Qe2 a6 13. Nc3 Ne4 14. Nxe4 Bxe4 15.
O-O O-O 16. b3 d5 17. cxd5 Bxd5 18. Nd4 Bxg2 19. Kxg2 Bf6 20. Bb2 Qb7+ 21. f3
Nd7 22. Rac1 Rac8 23. Rfd1 Nc5 24. b4 Na4 25. Ba1 b5 26. Rc2 Rxc2 27. Nxc2 Bxa1
28. Rxa1 Rc8 29. Qd2 g6 30. Nd4 Qc7 31. Ra2 Qc1 32. Ne2 Qb1 33. h4 h5 34. Nd4
e5 35. Ne2 e4 36. fxe4 Qxe4+ 37. Kf2 Nb6 38. Qd4 Qf5+ 39. Kg2 Nc4 40. Nf4 Re8
41. Nd5 Qxd5+ 0-1